India-nepal partnership and south asian resurgence / (Record no. 123790)

MARC details
000 -LEADER
fixed length control field 00737nam a22002297a 4500
005 - DATE AND TIME OF LATEST TRANSACTION
control field 20170124105930.0
010 ## - LIBRARY OF CONGRESS CONTROL NUMBER
LC control number B-019330
020 ## - INTERNATIONAL STANDARD BOOK NUMBER
Terms of availability 00.00
International Standard Book Number 8173913412
035 ## - SYSTEM CONTROL NUMBER
System control number B-019330
037 ## - SOURCE OF ACQUISITION
Source of stock number/acquisition Cen Lib/Ret
040 ## - CATALOGING SOURCE
Original cataloging agency DPL
Language of cataloging EN
082 ## - DEWEY DECIMAL CLASSIFICATION NUMBER
Classification number 327.5405490
Item number IND
245 ## - TITLE STATEMENT
Title India-nepal partnership and south asian resurgence /
Statement of responsibility, etc edited by M.D. Dharamdasani
260 ## - PUBLICATION, DISTRIBUTION, ETC. (IMPRINT)
Place of publication, distribution, etc New Delhi
Name of publisher, distributor, etc Kanishka Publishers
Date of publication, distribution, etc 2000
270 ## - ADDRESS
Address 4697/5-21A, ansari road
City New Delhi
Postal code 110002
300 ## - PHYSICAL DESCRIPTION
Extent xvi, 184p.
Dimensions 21cm(Hb)
500 ## - GENERAL NOTE
General note Includes index
650 ## - SUBJECT ADDED ENTRY--TOPICAL TERM
Topical term or geographic name as entry element Foreign relation--India-Nepal
9 (RLIN) 73084
650 ## - SUBJECT ADDED ENTRY--TOPICAL TERM
Topical term or geographic name as entry element Economic factors
9 (RLIN) 73085
700 ## - ADDED ENTRY--PERSONAL NAME
Personal name Dharamdasani, M.D.
9 (RLIN) 8049
942 ## - ADDED ENTRY ELEMENTS (KOHA)
Source of classification or shelving scheme Dewey Decimal Classification
Koha item type English Books
Classification part 327.5405490
Call number suffix IND
Holdings
Withdrawn status Lost status Damaged status Not for loan Home library Current library Date acquired Source of acquisition Cost, normal purchase price Total Checkouts Full call number Barcode Date last seen Copy number Cost, replacement price Price effective from Koha item type
        Central Library Central Library 12/06/2015 Cen Lib/Ret 0.00   327.5405490 IND B-019330 12/06/2015 1 0.00 15/09/2016 English Books

© Delhi Public Library
Hit Counter
free hit counter